000 00733nam a2200265 i 4500
001 C2-0239989
003 PPAK
005 20180727202746.0
008 020713s2002 my a|||| ||||| | eng d
020 _a9837517549
040 _aPPAK
_beng
_cPPAK
_erda
082 0 4 _a398.2
_223
090 0 0 _a398.2
_bNON
_dK
100 0 _aNonie Habib,
_eauthor
245 1 0 _aFolklore of Britain
264 1 _aPetaling Jaya, Selangor :
_bPan Earth ,
_c2002
300 _a46 pages :
_billustrations ;
_c19 cm
336 _2rdacontent
_atext
337 _2rdamedia
_aunmediated
338 _2rdacarrier
_avolume
490 1 _aFolklore around the world
650 1 0 _aFolklore - Britain
830 0 _aFolklore around the world
942 _ddc
_cB
999 _c55244
_d55244